000 00358nam a2200157Ia 4500
008 230711s9999||||xx |||||||||||||| ||und||
041 _aENG
082 _a530
_bCH-F
100 _aCheng,David K
245 0 _aField and wave electromagnetics
250 _a2nd Ed.
260 _c2008
_aNew Delhi
_bPearson
300 _a719
650 _aPhysics
942 _cBK
999 _c4937
_d4937